000 00311nam a2200133Ia 4500
008 150201s2010 xx 000 0 und d
082 _a611
_bE10K
100 _aKAZI,SK
245 _aEXAM-ORIENTED ANATOMY - ABOVE
250 _a1ST
260 _bCBS
_aDELHI
_c2010
650 _aHUMAN ANATOMY
942 _2ddc
_cBK
_017
999 _c937
_d937